LEADER 01415nam0 22002891i 450 001 RML0297970 005 20231121125741.0 010 $a8814114137 100 $a20121121f ||||0itac50 ba 101 | $aita 102 $ait 181 1$6z01$ai $bxxxe 182 1$6z01$an 200 1 $a˜La œtutela in forma specifica dei diritti nel rapporto di lavoro$eatti del Convegno organizzato dalla Facolta di giurisprudenza e dal Dipartimento di scienze giuridiche privatistiche dell'Universita degli studi di Foggia e dalla Sezione di Foggia del Centro nazionale studi di diritto del lavoro Domenico Napoletano (Foggia, 14-15 novembre 2003)$fcura di Marco Barbieri, Francesco Macario, Giuseppe Trisorio Liuzzi 210 $aMilano $cGiuffrè , © 215 $a425 p.$d24 cm 702 1$aLiuzzi$b, Giuseppe Trisorio$3RMLV192499 702 1$aMacario.$b, Francesco$3RMLV192500 702 1$aBarbieri$b, Marco$3RMLV192501 801 3$aIT$bIT-01$c20121121 850 $aIT-FR0098 899 $aBiblioteca Area Giuridico Economica$bFR0098 912 $aRML0297970 950 0$aBiblioteca Area Giuridico Economica$d 53DSG 17/082$e 53VM 0000678035 VM barcode:GIU0007428. - Inventario:14014. - Fondo:Sala consultazioneVM$fA $h20070326$i20121204 977 $a 53 996 $aTutela in forma specifica dei diritti nel rapporto di lavoro$9724603 997 $aUNICAS LEADER 02339nam 2200565Ia 450 001 9910778208603321 005 20230721022732.0 010 $a1-282-74572-7 010 $a9786612745720 010 $a1-55861-621-7 035 $a(CKB)1000000000793309 035 $a(EBL)530383 035 $a(OCoLC)815272454 035 $a(SSID)ssj0000398630 035 $a(PQKBManifestationID)11955106 035 $a(PQKBTitleCode)TC0000398630 035 $a(PQKBWorkID)10362896 035 $a(PQKB)10190258 035 $a(MiAaPQ)EBC530383 035 $a(Au-PeEL)EBL530383 035 $a(CaPaEBR)ebr10309882 035 $a(EXLCZ)991000000000793309 100 $a20070814d2008 uy 0 101 0 $aeng 135 $aur|n|---||||| 181 $ctxt 182 $cc 183 $acr 200 10$aFrom eve to dawn$b[electronic resource] $ea history of women$hVolume 2$iThe masculine mystique /$fMarilyn French ; foreword by Margaret Atwood 210 $aNew York $cFeminist Press at the City University of New York$dc2008 215 $a1 online resource (491 p.) 300 $aDescription based upon print version of record. 311 $a1-55861-567-9 320 $aIncludes bibliographical references and index. 327 $aC O N T E N T S; FOREWORD by Margaret Atwood ix; INTRODUCTION 1; PART ONE: REACHING FOR ORDER AND CONTROL 17; CHAPTER 1: FEUDALISM IN EUROPE 19; CHAPTER 2: FEUDALISM IN JAPAN 66; PART TWO: EXPANSION AND APPROPRIATION, 1500-1800 95; CHAPTER 3: CONTROL TIGHTENS IN EUROPE 97; CHAPTER 4: EUROPE AN APPROPRIATION OF AFRICA 137; CHAPTER 5: EUROPEAN APPROPRIATION OF LATIN AMERICA 189; CHAPTER 6: EUROPEAN APPROPRIATION OF NORTH AMERICA 248; CHAPTER 7: BLACK EXPERIENCE IN NORTH AMERICA 355; CHAPTER 8: THE FRENCH REVOLUTION 386; AFTERWORD 402; NOTES 404; SELECTED BIBLIOGRAPHY 426; INDEX 445 330 $aWomen's history from Europe to Japan, from the fifth century to the nineteenth. 606 $aWomen$xHistory 606 $aFeminism$xHistory 615 0$aWomen$xHistory. 615 0$aFeminism$xHistory. 676 $a305.409 676 $a305.4209 700 $aFrench$b Marilyn$f1929-2009.$0444263 801 0$bMiAaPQ 801 1$bMiAaPQ 801 2$bMiAaPQ 906 $aBOOK 912 $a9910778208603321 996 $aFrom eve to dawn$93699231 997 $aUNINA